[Event "FISU World University"]
[Site "Tornelo INT"]
[Date "2020.10.27"]
[Round "5.25"]
[White "Leon Badillo, Antonia"]
[Black "De Las Heras Figueroa, Rodrigo"]
[Result "0-1"]
[WhiteElo "1320"]
[BlackElo "1999"]
[PlyCount "58"]
[EventDate "2020.10.26"]
[EventType "team-swiss (rapid)"]
[EventRounds "9"]
[EventCountry "NET"]
[SourceTitle "CBM 199 Extra"]
[Source "ChessBase"]
[SourceDate "2021.01.31"]
[SourceVersion "1"]
[SourceVersionDate "2021.01.31"]
[SourceQuality "1"]
[WhiteTeam "Chile"]
[BlackTeam "Spain III"]
[WhiteTeamCountry "CHI"]
[BlackTeamCountry "ESP"]

1. d4 c6 2. Bf4 d6 3. Nf3 g6 4. e3 Bg7 5. Bd3 Nd7 6. Be2 Ngf6 7. 0-0 0-0 8. Nbd2 Qe8 9. Bg5 h6 10. Bxf6 Nxf6 11. c3 e5 12. Nc4 Ne4 13. Bd3 d5 14. Bxe4 dxc4 15. Nd2 exd4 16. exd4 Be6 17. Re1 Qd7 18. Bf3 Rad8 19. Qa4 b5 20. Qc2 Rfe8 21. Ne4 Qc7 22. Qd2 c5 23. Nxc5 Qxc5 24. dxc5 Rxd2 25. Bc6 Rc8 26. Bxb5 Rxc5 27. a4 Rf5 28. Re4 Rfxf2 29. Re3 Rxg2+ 0-1